Medicina Forense (Registro nro. 558)
[ vista simple ]
| 000 -Cabecera | |
|---|---|
| Campo de control de longitud fija | 01096aam a2200421 4500 |
| 005 - Fecha y hora de la última transacción | |
| Campo de control | 20250623152754.0 |
| 008 - Elementos de longitud fija--Información general | |
| Campo de control de longitud fija | 150810b1991 xxu||||| |||| 00| 0 spa d |
| 020 ## - International Standard Book Number | |
| Número Internacional Estándar del Libro (ISBN) | 9686356401 |
| 041 ## - Idioma | |
| Código de idioma | Español |
| 082 ## - Clasificación Decimal Dewey | |
| Número de clasificación | 614.1 T277m |
| 100 ## - Entrada principal--Autor personal | |
| Nombre personal | Tello Flores, Francisco Javier |
| 9 (RLIN) | 37112 |
| 245 ## - Título propiamente dicho | |
| Título | Medicina Forense |
| 260 ## - Pie de imprenta | |
| Lugar de publicación, distribución, etc. | México |
| 260 ## - Pie de imprenta | |
| Nombre del editor, distribuidor, etc. | Harla |
| 260 ## - Pie de imprenta | |
| Fecha de publicación, distribución, etc. | 1991 |
| 300 ## - Descripción física | |
| Extensión | 372 páginas |
| 490 ## - Serie | |
| Título de la Serie | Colección textos jurídicos universitarios |
| 490 ## - Serie | |
| Título de la Serie | Investigación Criminal |
| 650 ## - Materia general | |
| Temática (materia general) | MEDICINA FORENSE |
| 650 ## - Materia general | |
| Temática (materia general) | AUTOPSIAS |
| 650 ## - Materia general | |
| Temática (materia general) | LESIONOLOGÍA |
| 650 ## - Materia general | |
| Temática (materia general) | HERIDAS POR ARMA DE FUEGO |
| 650 ## - Materia general | |
| Temática (materia general) | ASFIXIA |
| 650 ## - Materia general | |
| Temática (materia general) | QUEMADURAS |
| 650 ## - Materia general | |
| Temática (materia general) | ACCIDENTOLOGÍA VIAL |
| 650 ## - Materia general | |
| Temática (materia general) | TRAUMATISMOS |
| 650 ## - Materia general | |
| Temática (materia general) | SUICIDIOS |
| 650 ## - Materia general | |
| Temática (materia general) | IDENTIFICACIÓN DEL CADÁVER |
| 650 ## - Materia general | |
| Temática (materia general) | DELITOS SEXUALES |
| 650 ## - Materia general | |
| Temática (materia general) | ABORTO |
| 650 ## - Materia general | |
| Temática (materia general) | INFANTICIDIO |
| 650 ## - Materia general | |
| Temática (materia general) | TOXICOLOGÍA |
| 650 ## - Materia general | |
| Temática (materia general) | TOXICOMANÍA |
| 650 ## - Materia general | |
| Temática (materia general) | ODONTOLOGÍA FORENSE |
| 650 ## - Materia general | |
| Temática (materia general) | TRASPLANTE DE ÓRGANOS |
| 650 ## - Materia general | |
| Temática (materia general) | NEGLIGENCIA PROFESIONAL |
| 942 ## - Punto de acceso adicional KOHA | |
| Tipo de ítem KOHA | Libro |
| Fuente del sistema de clasificación o colocación | Dewey Decimal Classification |
| Signatura completa | Código de barras | Programa Académico | Tipo de ítem |
|---|---|---|---|
| 614.1 T277m | 1418 | Investigación Criminal | Libro |
| 614.1 T277m | 2506 | Investigación Criminal | Libro |